000 00550nam a2200205Ia 4500
005 20250923145555.0
008 008 250917s9999 xx 000 0 eng d
037 _aTextual
040 _aDSWL
_beng
_cDSWL
041 _aeng
_2eng
084 _aY:g, N76
_qDSWL
100 _aBryant, G.A.
_9836739
245 0 _aSociology in action
_c by G.A.Bryant
260 _aLondon
_bGeorge Allen & Unwin
_c1976
300 _a378p.
365 _aINR
_b133.11
925 _g133.11
942 _cTEXL
_hY:g, N76
999 _c1453003
_d1453003